000
00323nam a2200145Ia 4500
008
230718s9999 xx 000 0 und d
041
_a
Eng.
082
_a
343.54
_b
MAG-L
100
_a
Maghiana,Zeb Ali
245
0
_a
law of becil
260
_a
Pakistan
_b
Kashif Ali
_c
2014
300
_a
430
650
_a
Law
999
_c
30332
_d
30332